[Event "Wroclaw"]
[Site "?"]
[Date "2020.08.27"]
[Round "12.9"]
[White "Lis, Mateusz"]
[Black "Zerebiec, Maurycy"]
[Result "1-0"]
[BlackElo "1920"]
[WhiteElo "2113"]
[LiveChessVersion "1.4.8"]

1. e4 {[%clk 0:03:03]} e6 {[%clk 0:03:03]} 2. d4 {[%clk 0:03:04]} d5
{[%clk 0:03:05]} 3. Nd2 {[%clk 0:03:06]} Nf6 4. e5 Nfd7 5. c3 c5 {[%clk 0:03:07]}
6. f4 b6 7. Ndf3 {[%clk 0:03:02]} Ba6 {[%clk 0:03:08]} 8. Bxa6 {[%clk 0:02:58]}
Nxa6 {[%clk 0:03:09]} 9. Ne2 {[%clk 0:02:58]} cxd4 {[%clk 0:02:52]} 10. cxd4
{[%clk 0:02:56]} Bb4+ {[%clk 0:02:52]} 11. Kf2 {[%clk 0:02:53]} g6
{[%clk 0:02:42]} 12. Be3 {[%clk 0:02:51]} h5 {[%clk 0:02:41]} 13. Qa4
{[%clk 0:02:49]} Qc8 {[%clk 0:02:39]} 14. Rac1 {[%clk 0:02:47]} Qb7
{[%clk 0:02:40]} 15. h3 {[%clk 0:02:24]} Kf8 {[%clk 0:02:25]} 16. g4
{[%clk 0:02:11]} hxg4 {[%clk 0:02:25]} 17. hxg4 {[%clk 0:02:12]} Kg7
{[%clk 0:02:25]} 18. f5 {[%clk 0:02:01]} exf5 {[%clk 0:01:28]} 19. gxf5
{[%clk 0:02:02]} f6 {[%clk 0:01:13]} 20. e6 {[%clk 0:01:40]} Nf8 {[%clk 0:01:11]}
21. Rxh8 {[%clk 0:01:37]} Kxh8 {[%clk 0:01:11]} 22. Rh1+ {[%clk 0:01:37]} Kg8
{[%clk 0:01:09]} 23. fxg6 {[%clk 0:01:06]} Bd6 {[%clk 0:00:38]} 24. g7
{[%clk 0:00:37]} Kxg7 {[%clk 0:00:35]} 25. Rg1+ {[%clk 0:00:27]} Kh7
{[%clk 0:00:14]} 26. Qc2+ {[%clk 0:00:28]} Kh8 {[%clk 0:00:11]} 27. Qf5
{[%clk 0:00:23]} Qe7 {[%clk 0:00:07]} 28. Rh1+ {[%clk 0:00:24]} Kg8
{[%clk 0:00:07]} 29. Nh4 {[%clk 0:00:14]} Nb4 {[%clk 0:00:04]} 30. a3
{[%clk 0:00:11]} Nc6 {[%clk 0:00:04]} 31. Qxd5 {[%clk 0:00:12]} Rc8
{[%clk 0:00:04]} 32. Rg1+ {[%clk 0:00:12]} Kh8 {[%clk 0:00:04]} 33. Nf5
{[%clk 0:00:11]} Qd8 {[%clk 0:03:02]} 1-0

[Event "Wroclaw"]
[Site "?"]
[Date "2020.08.27"]
[Round "12.10"]
[White "Iwanczuk, Krzysztof"]
[Black "Wierzbicki, Michal"]
[Result "0-1"]
[BlackElo "1681"]
[WhiteElo "1799"]
[LiveChessVersion "1.4.8"]

1. e4 {[%clk 0:03:04]} e6 {[%clk 0:03:04]} 2. d4 {[%clk 0:03:05]} d5
{[%clk 0:03:05]} 3. Bd3 {[%clk 0:03:05]} dxe4 {[%clk 0:02:55]} 4. Bxe4
{[%clk 0:03:06]} c6 {[%clk 0:02:54]} 5. Ne2 {[%clk 0:03:05]} Nf6 {[%clk 0:02:55]}
6. Bf3 {[%clk 0:03:06]} Bd6 {[%clk 0:02:56]} 7. O-O {[%clk 0:03:04]} Nbd7
{[%clk 0:02:56]} 8. c4 {[%clk 0:03:00]} O-O {[%clk 0:02:54]} 9. Ng3
{[%clk 0:02:56]} Qc7 {[%clk 0:02:48]} 10. Nc3 {[%clk 0:02:56]} b6
{[%clk 0:02:40]} 11. Nb5 {[%clk 0:02:52]} cxb5 {[%clk 0:02:20]} 12. Bxa8
{[%clk 0:02:53]} bxc4 {[%clk 0:02:17]} 13. Bg5 {[%clk 0:02:19]} h6
{[%clk 0:02:08]} 14. Bxf6 {[%clk 0:02:15]} Nxf6 {[%clk 0:02:09]} 15. Rc1
{[%clk 0:02:14]} Bf4 {[%clk 0:02:05]} 16. Rc2 {[%clk 0:02:00]} Ba6
{[%clk 0:01:53]} 17. Bf3 {[%clk 0:01:55]} b5 {[%clk 0:01:54]} 18. b3
{[%clk 0:01:38]} Rd8 {[%clk 0:01:56]} 19. bxc4 {[%clk 0:01:36]} bxc4
{[%clk 0:01:57]} 20. Ne2 {[%clk 0:00:45]} Bxh2+ 21. Kh1 Bd6 {[%clk 0:01:56]} 22.
Qb1 {[%clk 0:00:34]} Qa5 {[%clk 0:01:57]} 23. Qa1 {[%clk 0:00:14]} Qg5
{[%clk 0:01:51]} 24. g3 {[%clk 0:00:10]} Nd5 {[%clk 0:01:14]} 25. Rb1
{[%clk 0:00:09]} Qf5 {[%clk 0:01:08]} 26. Bxd5 {[%clk 0:00:06]} Qxd5+
{[%clk 0:00:54]} 27. Kg1 {[%clk 0:00:04]} Bb7 {[%clk 0:00:41]} 28. Rxb7
{[%clk 0:00:05]} Qxb7 {[%clk 0:00:43]} 29. Rxc4 {[%clk 0:00:06]} Qb5
{[%clk 0:00:35]} 30. Qc3 {[%clk 0:00:06]} Qb1+ {[%clk 0:00:34]} 31. Kg2
{[%clk 0:00:08]} Qe4+ {[%clk 0:00:34]} 32. Kf1 {[%clk 0:00:07]} Qh1+
{[%clk 0:00:31]} 33. Ng1 {[%clk 0:00:08]} Kh7 {[%clk 0:00:26]} 34. Qc2+
{[%clk 0:00:08]} g6 {[%clk 0:00:27]} 35. Ra4 {[%clk 0:00:07]} Qb7
{[%clk 0:00:20]} 36. Qd3 {[%clk 0:00:06]} Rc8 {[%clk 0:00:16]} 37. Qe3
{[%clk 0:00:04]} Qb5+ {[%clk 0:00:17]} 0-1

[Event "Wroclaw"]
[Site "?"]
[Date "2020.08.27"]
[Round "12.11"]
[White "Jagura Norbert"]
[Black "Kozlowski, Pawel"]
[Result "1-0"]
[BlackElo "1900"]
[WhiteElo "1704"]
[LiveChessVersion "1.4.8"]

1. Nf3 {[%clk 0:03:02]} e6 {[%clk 0:03:03]} 2. g3 {[%clk 0:03:03]} f5
{[%clk 0:03:04]} 3. Bg2 {[%clk 0:03:04]} Nf6 {[%clk 0:03:06]} 4. O-O
{[%clk 0:03:05]} d5 {[%clk 0:03:07]} 5. d3 {[%clk 0:03:05]} Bd6 {[%clk 0:03:05]}
6. b3 {[%clk 0:03:03]} O-O {[%clk 0:03:05]} 7. Bb2 {[%clk 0:03:04]} c6
{[%clk 0:03:06]} 8. c4 {[%clk 0:03:05]} b6 {[%clk 0:03:03]} 9. Nbd2
{[%clk 0:03:04]} Qe7 {[%clk 0:02:59]} 10. Rc1 {[%clk 0:02:58]} Bb7
{[%clk 0:02:58]} 11. Qc2 {[%clk 0:02:26]} Nbd7 {[%clk 0:02:29]} 12. Rfe1
{[%clk 0:02:07]} e5 {[%clk 0:02:20]} 13. e4 {[%clk 0:01:45]} fxe4
{[%clk 0:02:19]} 14. dxe4 {[%clk 0:01:46]} d4 {[%clk 0:02:19]} 15. Rf1
{[%clk 0:01:39]} a5 {[%clk 0:01:48]} 16. Ne1 {[%clk 0:01:36]} Bb4
{[%clk 0:01:31]} 17. Nd3 {[%clk 0:01:34]} Bxd2 {[%clk 0:01:24]} 18. Qxd2
{[%clk 0:01:34]} c5 {[%clk 0:01:25]} 19. Rce1 {[%clk 0:01:31]} a4
{[%clk 0:01:25]} 20. f3 {[%clk 0:01:11]} Nb8 {[%clk 0:01:05]} 21. b4
{[%clk 0:01:07]} Nc6 {[%clk 0:01:00]} 22. bxc5 {[%clk 0:01:03]} bxc5
{[%clk 0:01:02]} 23. Ba3 {[%clk 0:01:04]} Nd7 {[%clk 0:01:03]} 24. Bh3
{[%clk 0:01:03]} Ncb8 {[%clk 0:00:55]} 25. Rb1 {[%clk 0:00:57]} Ba6
{[%clk 0:00:55]} 26. Qc2 {[%clk 0:00:51]} Rc8 {[%clk 0:00:44]} 27. Qxa4
{[%clk 0:00:43]} Bb7 {[%clk 0:00:30]} 28. Qb3 {[%clk 0:00:36]} Bc6
{[%clk 0:00:25]} 29. Rf2 {[%clk 0:00:21]} Rc7 {[%clk 0:00:24]} 30. Bc1
{[%clk 0:00:21]} Rb7 {[%clk 0:00:15]} 31. Qc2 {[%clk 0:00:14]} Ba4
{[%clk 0:00:17]} 32. Rxb7 {[%clk 0:00:13]} Bxc2 {[%clk 0:00:18]} 33. Rxc2
{[%clk 0:00:14]} Qd6 {[%clk 0:00:13]} 34. Rcb2 {[%clk 0:00:11]} h6
{[%clk 0:00:04]} 35. f4 {[%clk 0:00:09]} exf4 {[%clk 0:00:05]} 36. Bxf4
{[%clk 0:00:10]} Qc6 {[%clk 0:00:05]} 1-0

[Event "Wroclaw"]
[Site "?"]
[Date "2020.08.27"]
[Round "13.1"]
[White "Teclaf, Pawel"]
[Black "Lis, Mateusz"]
[Result "1-0"]
[BlackElo "2113"]
[WhiteElo "2383"]
[LiveChessVersion "1.4.8"]

1. h3 d5 {[%clk 0:03:02]} 2. d4 {[%clk 0:03:04]} Nf6 {[%clk 0:03:02]} 3. c3
{[%clk 0:03:05]} c6 {[%clk 0:03:02]} 4. Bf4 {[%clk 0:03:05]} Bf5 {[%clk 0:03:02]}
5. Nd2 {[%clk 0:03:06]} h6 {[%clk 0:02:53]} 6. e3 {[%clk 0:03:03]} Qb6
{[%clk 0:02:51]} 7. Qc1 {[%clk 0:03:01]} e6 {[%clk 0:02:40]} 8. Be2
{[%clk 0:03:00]} Be7 {[%clk 0:02:41]} 9. Ngf3 {[%clk 0:03:00]} Nbd7
{[%clk 0:02:42]} 10. O-O {[%clk 0:02:59]} O-O {[%clk 0:02:42]} 11. Bd1
{[%clk 0:03:00]} Ne4 {[%clk 0:02:27]} 12. Nxe4 {[%clk 0:02:40]} Bxe4
{[%clk 0:02:25]} 13. Nd2 {[%clk 0:02:40]} Bd3 {[%clk 0:02:26]} 14. Re1
{[%clk 0:02:40]} c5 {[%clk 0:02:21]} 15. Ba4 {[%clk 0:02:37]} Bb5
{[%clk 0:02:16]} 16. Bc2 {[%clk 0:02:37]} Rac8 {[%clk 0:02:06]} 17. Qd1
{[%clk 0:02:30]} Bd6 {[%clk 0:02:01]} 18. Qf3 {[%clk 0:02:13]} Bxf4
{[%clk 0:01:29]} 19. Qxf4 {[%clk 0:02:14]} Qa6 {[%clk 0:00:56]} 20. Nb3
{[%clk 0:01:35]} Bd3 {[%clk 0:00:56]} 21. Bxd3 {[%clk 0:01:18]} Qxd3
{[%clk 0:00:57]} 22. Qd6 {[%clk 0:01:18]} Rfd8 {[%clk 0:00:49]} 23. Rad1
{[%clk 0:01:12]} Qb5 {[%clk 0:00:49]} 24. Rd2 {[%clk 0:01:01]} Nf6
{[%clk 0:00:23]} 25. Qf4 {[%clk 0:01:01]} Ne4 {[%clk 0:00:23]} 26. Rde2
{[%clk 0:01:02]} c4 {[%clk 0:00:24]} 27. Nd2 {[%clk 0:01:03]} Nxd2
{[%clk 0:00:24]} 28. Rxd2 {[%clk 0:01:04]} Qa5 {[%clk 0:00:22]} 29. a3
{[%clk 0:01:05]} Qc7 {[%clk 0:00:23]} 30. Qf3 {[%clk 0:01:04]} Rd6
{[%clk 0:00:22]} 31. e4 {[%clk 0:01:05]} dxe4 {[%clk 0:00:19]} 32. Rxe4
{[%clk 0:01:04]} Rb6 {[%clk 0:00:19]} 33. Re5 {[%clk 0:01:03]} Qc6
{[%clk 0:00:09]} 34. Rc5 {[%clk 0:01:04]} Qd7 {[%clk 0:00:09]} 35. Qe2
{[%clk 0:01:05]} Rbc6 {[%clk 0:00:08]} 36. Re5 {[%clk 0:00:51]} b6
{[%clk 0:00:09]} 37. d5 exd5 {[%clk 0:00:10]} 38. Rdxd5 {[%clk 0:00:39]} Rd6
{[%clk 0:00:09]} 39. Rxd6 {[%clk 0:00:40]} Qxd6 {[%clk 0:00:11]} 40. Re8+
{[%clk 0:00:42]} Rxe8 {[%clk 0:00:12]} 41. Qxe8+ {[%clk 0:00:43]} Qf8
{[%clk 0:00:13]} 42. Qc6 {[%clk 0:00:41]} Qe7 {[%clk 0:00:07]} 43. Qc8+
{[%clk 0:00:40]} Kh7 {[%clk 0:00:08]} 44. Qxc4 {[%clk 0:00:42]} Qe1+
{[%clk 0:00:09]} 45. Qf1 {[%clk 0:00:43]} Qd2 {[%clk 0:00:09]} 46. Qb1+
{[%clk 0:00:42]} g6 {[%clk 0:00:10]} 47. h4 {[%clk 0:00:43]} h5 {[%clk 0:00:11]}
48. g3 {[%clk 0:00:43]} Qe2 {[%clk 0:00:11]} 49. Qc1 {[%clk 0:00:42]} a5
{[%clk 0:00:09]} 50. Qf4 {[%clk 0:00:38]} Qxb2 {[%clk 0:00:10]} 1-0

[Event "Wroclaw"]
[Site "?"]
[Date "2020.08.27"]
[Round "13.2"]
[White "Psyk, Radoslaw"]
[Black "Szpar, Milosz"]
[Result "1/2-1/2"]
[BlackElo "2275"]
[WhiteElo "2288"]
[LiveChessVersion "1.4.8"]

1. e4 {[%clk 0:03:04]} c5 {[%clk 0:03:03]} 2. Nc3 {[%clk 0:03:03]} Nc6
{[%clk 0:03:03]} 3. Bb5 {[%clk 0:03:01]} Nd4 {[%clk 0:03:03]} 4. Bc4
{[%clk 0:02:59]} e6 {[%clk 0:03:04]} 5. Nge2 {[%clk 0:02:59]} a6 {[%clk 0:03:04]}
6. d3 {[%clk 0:02:59]} Nf6 {[%clk 0:02:54]} 7. O-O {[%clk 0:02:57]} Nc6
{[%clk 0:02:50]} 8. Bb3 {[%clk 0:02:43]} Be7 {[%clk 0:02:43]} 9. f4
{[%clk 0:02:26]} d5 {[%clk 0:02:41]} 10. Ng3 {[%clk 0:02:16]} b5 {[%clk 0:02:35]}
11. e5 {[%clk 0:01:56]} c4 {[%clk 0:01:57]} 12. exf6 {[%clk 0:01:56]} Bxf6
{[%clk 0:01:58]} 13. dxc4 {[%clk 0:01:31]} dxc4 {[%clk 0:01:49]} 14. Nge4
{[%clk 0:01:28]} Bd4+ {[%clk 0:01:48]} 15. Kh1 {[%clk 0:01:28]} cxb3
{[%clk 0:01:46]} 16. axb3 {[%clk 0:01:28]} Bb7 {[%clk 0:01:38]} 17. f5
{[%clk 0:01:07]} exf5 {[%clk 0:01:32]} 18. Rxf5 {[%clk 0:00:55]} Ne7
{[%clk 0:01:19]} 19. Rh5 {[%clk 0:00:20]} b4 {[%clk 0:01:09]} 20. Ne2
{[%clk 0:00:12]} Bxe4 {[%clk 0:00:47]} 21. Qxd4 {[%clk 0:00:14]} Qxd4 22. Nxd4 f5
{[%clk 0:00:33]} 23. c3 {[%clk 0:00:09]} Kf7 {[%clk 0:00:28]} 24. Rh3
{[%clk 0:00:08]} a5 {[%clk 0:00:21]} 25. Re3 {[%clk 0:00:07]} Nd5
{[%clk 0:00:21]} 26. Re1 {[%clk 0:00:06]} bxc3 {[%clk 0:00:19]} 27. bxc3
{[%clk 0:00:07]} Nxc3 {[%clk 0:00:17]} 28. Bd2 {[%clk 0:00:08]} Rhc8
{[%clk 0:00:15]} 29. Rec1 {[%clk 0:00:05]} Nd5 {[%clk 0:00:13]} 30. Rxc8
{[%clk 0:00:03]} Rxc8 {[%clk 0:00:14]} 31. Bxa5 {[%clk 0:00:04]} Ne3
{[%clk 0:00:14]} 32. Nf3 {[%clk 0:00:03]} Rc2 {[%clk 0:00:14]} 33. Rg1
{[%clk 0:00:05]} Nxg2 {[%clk 0:00:15]} 34. Ng5+ {[%clk 0:00:06]} Kf6
{[%clk 0:00:08]} 35. Nxe4+ {[%clk 0:00:07]} fxe4 {[%clk 0:00:09]} 36. Rxg2
{[%clk 0:00:08]} Rc1+ 37. Rg1 {[%clk 0:00:10]} Rc2 {[%clk 0:00:12]} 38. Rg2
{[%clk 0:00:08]} Rc1+ {[%clk 0:00:13]} 39. Rg1 {[%clk 0:00:09]} Rc2
{[%clk 0:00:15]} 40. Re1 {[%clk 0:00:07]} Kf5 {[%clk 0:00:15]} 41. Bb6
{[%clk 0:00:05]} Kf4 {[%clk 0:00:17]} 42. Kg1 {[%clk 0:00:04]} Rb2
{[%clk 0:00:15]} 43. Re3 {[%clk 0:00:04]} Rb1+ {[%clk 0:00:16]} 44. Kg2
{[%clk 0:00:05]} Rb2+ {[%clk 0:00:17]} 45. Kg1 {[%clk 0:00:06]} Rb1+
{[%clk 0:00:18]} 46. Kg2 {[%clk 0:00:06]} Rb2+ {[%clk 0:00:19]} 47. Kf1
{[%clk 0:00:06]} Rb1+ {[%clk 0:00:18]} 48. Ke2 {[%clk 0:00:07]} Rb2+
{[%clk 0:00:19]} 49. Ke1 {[%clk 0:00:08]} g5 {[%clk 0:00:16]} 50. h3
{[%clk 0:00:07]} h5 {[%clk 0:00:17]} 51. Bc5 {[%clk 0:00:07]} g4 {[%clk 0:00:17]}
52. hxg4 {[%clk 0:00:07]} hxg4 {[%clk 0:00:19]} 53. Rc3 {[%clk 0:00:08]} Rg2
{[%clk 0:00:15]} 54. Bd6+ {[%clk 0:00:09]} Kf5 {[%clk 0:00:17]} 55. b4
{[%clk 0:00:10]} Kf4 56. Bxf4 {[%clk 0:00:10]} Rb2 {[%clk 0:00:18]} 57. Rc5
{[%clk 0:00:07]} 1/2-1/2

[Event "Wroclaw"]
[Site "?"]
[Date "2020.08.27"]
[Round "13.3"]
[White "Golenia, Wojciech"]
[Black "Mis, Mieszko"]
[Result "1-0"]
[BlackElo "2370"]
[WhiteElo "1981"]
[LiveChessVersion "1.4.8"]

1. d4 {[%clk 0:03:03]} Nf6 {[%clk 0:03:04]} 2. Bf4 {[%clk 0:03:04]} e6
{[%clk 0:03:00]} 3. e3 {[%clk 0:03:04]} c5 {[%clk 0:03:01]} 4. Nf3
{[%clk 0:03:01]} Qb6 {[%clk 0:03:00]} 5. Nc3 {[%clk 0:02:56]} a6 {[%clk 0:02:54]}
6. Rb1 {[%clk 0:02:31]} d5 {[%clk 0:02:55]} 7. Be2 {[%clk 0:02:22]} Bd7
{[%clk 0:02:51]} 8. O-O {[%clk 0:02:21]} cxd4 {[%clk 0:02:48]} 9. exd4
{[%clk 0:02:18]} Bd6 {[%clk 0:02:29]} 10. Ne5 {[%clk 0:02:00]} O-O
{[%clk 0:02:24]} 11. Bg5 {[%clk 0:01:48]} Ne8 12. Bd3 {[%clk 0:01:38]} Qc7
{[%clk 0:01:35]} 13. Qh5 {[%clk 0:01:08]} g6 {[%clk 0:01:14]} 14. Qh6
{[%clk 0:00:56]} Nc6 {[%clk 0:01:02]} 15. Ng4 {[%clk 0:00:44]} f5
{[%clk 0:00:53]} 16. Ne3 {[%clk 0:00:27]} Nxd4 {[%clk 0:00:51]} 17. h4
{[%clk 0:00:24]} Be5 {[%clk 0:00:52]} 18. Nexd5 {[%clk 0:00:17]} exd5
{[%clk 0:00:46]} 19. Nxd5 {[%clk 0:00:17]} Bg7 {[%clk 0:00:28]} 20. Ne7+
{[%clk 0:00:18]} Kf7 {[%clk 0:00:20]} 21. Qxh7 {[%clk 0:00:19]} Qd6
{[%clk 0:00:22]} 22. h5 {[%clk 0:00:14]} Rh8 {[%clk 0:00:20]} 23. Bc4+
{[%clk 0:00:11]} Be6 {[%clk 0:00:21]} 24. Qxg6+ {[%clk 0:00:10]} Kf8
{[%clk 0:00:18]} 25. Nxf5 {[%clk 0:00:10]} Nxf5 {[%clk 0:00:14]} 26. Bxe6
{[%clk 0:00:11]} Nh6 {[%clk 0:00:10]} 27. Bxh6 {[%clk 0:00:11]} Qe7
{[%clk 0:00:12]} 28. Bg5 {[%clk 0:00:11]} Bf6 {[%clk 0:00:12]} 29. Bh6+
{[%clk 0:00:11]} Bg7 {[%clk 0:00:13]} 30. Be3 {[%clk 0:00:08]} Nf6
{[%clk 0:00:13]} 31. Bc5 {[%clk 0:00:09]} Qxc5 {[%clk 0:00:09]} 32. Qf7#
{[%clk 0:00:10]} 1-0

[Event "Wroclaw"]
[Site "?"]
[Date "2020.08.27"]
[Round "13.4"]
[White "Godzwon, Iwo"]
[Black "Jagura Norbert"]
[Result "1-0"]
[BlackElo "1704"]
[WhiteElo "2193"]
[LiveChessVersion "1.4.8"]

1. e4 e6 2. d4 d5 3. Nd2 Nf6 4. e5 Nfd7 5. Bd3 c5 6. c3 Nc6 7. Ne2 cxd4 8. cxd4
Be7 9. O-O O-O 10. Nf3 f5 11. exf6 Nxf6 12. Ng3 Bd7 13. a3 a6 14. b4 b5 15. Re1
Rc8 16. Bb2 Bd6 17. Rc1 Bf4 18. Rc2 Qe7 19. Rce2 Rce8 20. Qc2 Bxg3 21. hxg3 h6
22. Nh4 Qd6 23. Ng6 Rf7 24. Ne5 Rc8 25. Nxf7 Kxf7 26. Bg6+ Kg8 27. Qd3 Ne7 28.
Qb1 Rc6 29. Bd3 Kf7 30. Rc1 g5 31. Rxc6 Qxc6 32. Rc2 Qd6 33. Rc5 Nc6 34. Bc3 Kg7
35. a4 bxa4 36. Bxa6 Nxb4 37. Bxb4 Qxa6 38. Rc7 Qe2 39. Bd6 Qe4 1-0

[Event "Wroclaw"]
[Site "?"]
[Date "2020.08.27"]
[Round "13.5"]
[White "Wierzbicki, Michal"]
[Black "Golenia, Jan"]
[Result "1/2-1/2"]
[BlackElo "1956"]
[WhiteElo "1681"]
[LiveChessVersion "1.4.8"]

1. d4 {[%clk 0:03:03]} e6 {[%clk 0:03:03]} 2. Nf3 {[%clk 0:03:03]} b6
{[%clk 0:03:04]} 3. c4 {[%clk 0:03:00]} Bb7 {[%clk 0:03:05]} 4. a3
{[%clk 0:03:00]} Be7 {[%clk 0:03:04]} 5. Nc3 {[%clk 0:03:01]} Nf6
{[%clk 0:03:05]} 6. d5 {[%clk 0:02:58]} O-O {[%clk 0:02:49]} 7. e4
{[%clk 0:02:58]} exd5 {[%clk 0:02:44]} 8. cxd5 {[%clk 0:02:26]} Re8
{[%clk 0:02:24]} 9. Bd3 {[%clk 0:02:22]} d6 {[%clk 0:02:14]} 10. O-O
{[%clk 0:02:21]} Nbd7 {[%clk 0:02:16]} 11. b4 {[%clk 0:02:19]} Bf8
{[%clk 0:02:15]} 12. Bb2 {[%clk 0:02:03]} g6 {[%clk 0:02:02]} 13. Qc2
{[%clk 0:01:50]} a6 {[%clk 0:02:01]} 14. h3 {[%clk 0:01:27]} Bg7 {[%clk 0:02:02]}
15. Nd2 {[%clk 0:01:28]} Nh5 {[%clk 0:01:56]} 16. Ne2 {[%clk 0:00:51]} Ne5
{[%clk 0:01:55]} 17. Nc4 {[%clk 0:00:44]} Nxd3 {[%clk 0:01:46]} 18. Qxd3
{[%clk 0:00:44]} b5 {[%clk 0:01:46]} 19. Na5 {[%clk 0:00:27]} Bxb2
{[%clk 0:01:46]} 20. Nxb7 {[%clk 0:00:23]} Qe7 {[%clk 0:01:23]} 21. Ra2
{[%clk 0:00:17]} Bg7 {[%clk 0:01:21]} 22. f3 {[%clk 0:00:15]} Nf6
{[%clk 0:01:14]} 23. Na5 {[%clk 0:00:14]} Nd7 {[%clk 0:01:12]} 24. Nc6
{[%clk 0:00:16]} Qf6 {[%clk 0:01:12]} 25. Rc2 {[%clk 0:00:13]} Rec8
{[%clk 0:01:05]} 26. Ned4 {[%clk 0:00:07]} Nb6 {[%clk 0:01:01]} 27. Nb3
{[%clk 0:00:03]} Nc4 {[%clk 0:00:52]} 28. Nba5 {[%clk 0:00:05]} Nxa5
{[%clk 0:00:46]} 29. Nxa5 {[%clk 0:00:05]} Qd4+ {[%clk 0:00:47]} 30. Qxd4
{[%clk 0:00:06]} Bxd4+ {[%clk 0:00:47]} 31. Kh1 {[%clk 0:00:07]} Bb6
{[%clk 0:00:49]} 32. Nc6 {[%clk 0:00:05]} Re8 {[%clk 0:00:50]} 33. Rfc1
{[%clk 0:00:04]} Kg7 {[%clk 0:00:49]} 34. Na5 {[%clk 0:00:04]} Re7
{[%clk 0:00:48]} 35. Nc6 {[%clk 0:00:04]} Rd7 {[%clk 0:00:48]} 36. Na5
{[%clk 0:00:04]} Rf8 {[%clk 0:00:42]} 37. Nb3 {[%clk 0:00:04]} Re7
{[%clk 0:00:41]} 38. Nd2 {[%clk 0:00:04]} f5 {[%clk 0:00:41]} 39. Rf1
{[%clk 0:00:04]} Be3 {[%clk 0:00:41]} 40. Nb3 {[%clk 0:00:03]} fxe4
{[%clk 0:00:40]} 41. Re2 {[%clk 0:00:03]} exf3 {[%clk 0:00:39]} 42. Rxf3
{[%clk 0:00:04]} Rxf3 {[%clk 0:00:39]} 43. gxf3 {[%clk 0:00:05]} Bg5
{[%clk 0:00:40]} 44. Rxe7+ {[%clk 0:00:05]} Bxe7 {[%clk 0:00:41]} 45. Nd4
{[%clk 0:00:06]} Kf7 {[%clk 0:00:33]} 46. Nc6 {[%clk 0:00:07]} Bf6
{[%clk 0:00:30]} 47. Nb8 {[%clk 0:00:08]} Bb2 {[%clk 0:00:28]} 48. Nxa6
{[%clk 0:00:09]} Bxa3 {[%clk 0:00:29]} 49. Nxc7 {[%clk 0:00:10]} Bxb4
{[%clk 0:00:30]} 50. Nxb5 {[%clk 0:00:11]} Kf6 {[%clk 0:00:30]} 51. Nc7
{[%clk 0:00:04]} Kf5 {[%clk 0:00:29]} 52. Kg2 {[%clk 0:00:05]} Ke5
{[%clk 0:00:27]} 53. Kg3 {[%clk 0:00:04]} h6 {[%clk 0:00:23]} 54. f4+
{[%clk 0:00:03]} Kd4 {[%clk 0:00:22]} 55. Kf3 {[%clk 0:00:04]} Ba5
{[%clk 0:00:22]} 56. Ne6+ {[%clk 0:00:05]} Kxd5 {[%clk 0:00:22]} 57. Nf8
{[%clk 0:00:06]} g5 {[%clk 0:00:22]} 58. fxg5 {[%clk 0:00:04]} hxg5
{[%clk 0:00:23]} 59. Nh7 {[%clk 0:00:05]} Bd2 {[%clk 0:00:24]} 60. Kg4
{[%clk 0:00:05]} Ke6 {[%clk 0:00:05]} 61. Nxg5+ {[%clk 0:00:05]} Bxg5
{[%clk 0:00:06]} 62. Kxg5 {[%clk 0:00:07]} Kf7 {[%clk 0:00:07]} 63. Kf5
{[%clk 0:00:07]} Kg7 {[%clk 0:00:09]} 64. Ke4 1/2-1/2

[Event "Wroclaw"]
[Site "?"]
[Date "2020.08.27"]
[Round "13.6"]
[White "Kozak, Antoni"]
[Black "Kulesza, Andrzej"]
[Result "1-0"]
[BlackElo "1749"]
[WhiteElo "2320"]
[LiveChessVersion "1.4.8"]

1. d4 {[%clk 0:03:04]} Nf6 {[%clk 0:03:04]} 2. c4 {[%clk 0:03:05]} e6
{[%clk 0:03:05]} 3. Nc3 {[%clk 0:03:03]} Bb4 {[%clk 0:03:06]} 4. h4
{[%clk 0:03:04]} b6 {[%clk 0:03:00]} 5. Rh3 {[%clk 0:02:52]} O-O {[%clk 0:02:50]}
6. Bg5 {[%clk 0:02:53]} h6 {[%clk 0:02:50]} 7. e3 {[%clk 0:02:50]} d5
{[%clk 0:02:43]} 8. cxd5 {[%clk 0:02:50]} exd5 {[%clk 0:02:44]} 9. Bd3
{[%clk 0:02:50]} Bxh3 {[%clk 0:02:44]} 10. Nxh3 {[%clk 0:02:50]} Nbd7
{[%clk 0:02:38]} 11. Bf4 {[%clk 0:02:43]} c5 {[%clk 0:02:37]} 12. a3
{[%clk 0:02:44]} Bxc3+ {[%clk 0:02:38]} 13. bxc3 {[%clk 0:02:45]} cxd4
{[%clk 0:02:38]} 14. cxd4 {[%clk 0:02:45]} Qe7 {[%clk 0:02:30]} 15. g4
{[%clk 0:02:42]} Ne4 {[%clk 0:02:13]} 16. g5 {[%clk 0:02:44]} Qe6
{[%clk 0:02:05]} 17. Qf3 {[%clk 0:02:39]} Qc6 {[%clk 0:01:57]} 18. Rd1
{[%clk 0:02:28]} Qc3+ {[%clk 0:01:48]} 19. Kf1 {[%clk 0:02:30]} Nd2+
{[%clk 0:01:49]} 20. Rxd2 {[%clk 0:02:31]} Qxd2 {[%clk 0:01:50]} 21. Bf5
{[%clk 0:02:32]} Qc1+ {[%clk 0:01:30]} 22. Kg2 {[%clk 0:02:30]} Qc6
{[%clk 0:01:31]} 23. gxh6 {[%clk 0:02:29]} g6 {[%clk 0:01:32]} 24. Qg3
{[%clk 0:02:11]} Kh8 {[%clk 0:01:20]} 25. h5 {[%clk 0:02:07]} Rg8
{[%clk 0:00:51]} 26. hxg6 {[%clk 0:02:08]} Rxg6 {[%clk 0:00:45]} 27. Ng5
{[%clk 0:01:59]} Rxg5 {[%clk 0:00:45]} 28. Bxg5 {[%clk 0:02:00]} Rg8
{[%clk 0:00:46]} 29. h7 {[%clk 0:01:36]} Rg7 {[%clk 0:00:44]} 30. Bxd7 Qg6
{[%clk 0:00:41]} 31. Qb8+ {[%clk 0:01:25]} Kxh7 {[%clk 0:00:41]} 32. f4
{[%clk 0:01:26]} Qe4+ {[%clk 0:00:39]} 33. Kf2 {[%clk 0:01:25]} Qc2+
{[%clk 0:00:40]} 34. Kg3 {[%clk 0:01:21]} Qe4 {[%clk 0:00:32]} 35. Qe5
{[%clk 0:01:18]} Qxe5 {[%clk 0:00:17]} 36. dxe5 {[%clk 0:01:19]} Kg6
{[%clk 0:00:17]} 37. Kg4 {[%clk 0:01:18]} Rg8 {[%clk 0:00:16]} 38. f5+
{[%clk 0:01:01]} Kh7 {[%clk 0:00:17]} 39. f6 {[%clk 0:00:55]} Rd8
{[%clk 0:00:17]} 40. Bf5+ {[%clk 0:00:48]} Kh8 {[%clk 0:00:17]} 41. e6
{[%clk 0:00:47]} fxe6 {[%clk 0:00:16]} 42. Bxe6 {[%clk 0:00:48]} Rf8
{[%clk 0:00:12]} 43. Kf5 {[%clk 0:00:47]} b5 {[%clk 0:00:11]} 44. Bh6
{[%clk 0:00:46]} Rb8 {[%clk 0:00:11]} 45. f7 {[%clk 0:00:41]} a5 {[%clk 0:00:13]}
46. Kf6 {[%clk 0:00:38]} b4 {[%clk 0:00:12]} 47. Bg7+ {[%clk 0:00:39]} Kh7
{[%clk 0:00:13]} 48. Bf5# {[%clk 0:00:40]} 1-0

[Event "Wroclaw"]
[Site "?"]
[Date "2020.08.27"]
[Round "13.7"]
[White "Kokoszczynski, Jan"]
[Black "Lambrecht, Tomasz"]
[Result "1-0"]
[BlackElo "1487"]
[WhiteElo "2163"]
[LiveChessVersion "1.4.8"]

1. d4 {[%clk 0:03:04]} Nf6 {[%clk 0:03:01]} 2. c4 {[%clk 0:03:05]} c5
{[%clk 0:03:02]} 3. Nf3 {[%clk 0:03:06]} g6 {[%clk 0:02:47]} 4. g3
{[%clk 0:03:07]} Bg7 5. Bg2 O-O {[%clk 0:02:47]} 6. O-O {[%clk 0:03:08]} cxd4
{[%clk 0:02:39]} 7. Nxd4 {[%clk 0:03:09]} d5 {[%clk 0:02:34]} 8. cxd5
{[%clk 0:02:48]} Nxd5 {[%clk 0:02:34]} 9. Nc3 {[%clk 0:02:47]} Nxc3
{[%clk 0:02:17]} 10. bxc3 {[%clk 0:02:48]} a6 {[%clk 0:02:08]} 11. Qb3
{[%clk 0:02:37]} Qc7 {[%clk 0:01:46]} 12. Rd1 {[%clk 0:02:21]} Rd8
{[%clk 0:01:14]} 13. Be3 {[%clk 0:01:55]} Nd7 {[%clk 0:01:00]} 14. Qa3
{[%clk 0:01:50]} e5 {[%clk 0:00:49]} 15. Nb3 {[%clk 0:01:43]} Bf8
{[%clk 0:00:49]} 16. Qb2 {[%clk 0:01:42]} Rb8 {[%clk 0:00:31]} 17. a4
{[%clk 0:01:39]} b6 {[%clk 0:00:25]} 18. Nd2 {[%clk 0:01:31]} Bc5
{[%clk 0:00:09]} 19. Bg5 {[%clk 0:01:11]} Re8 {[%clk 0:00:06]} 20. Ne4
{[%clk 0:01:11]} Bf8 {[%clk 0:00:06]} 21. Rd2 {[%clk 0:00:46]} Bb7
{[%clk 0:00:05]} 22. Rxd7 {[%clk 0:00:45]} 1-0